000 00346nam a2200145Ia 4500
100 _aKapoor/V.K
250 _a2
942 _cBK
654 _aOperation research 2nd ed
245 _aProblems & Solution in Operations Research 2nd ed
260 _bSultans Chand & Sons
_c1993
082 _a658.4034
_bKAP
546 _aENGLISH
999 _c29568
_d29568